Central Library OPAC University of Rajshahi

Effect of planting time, method of nitrogen application and soil amendment on growth pattern for quality seed production in wheat / (Record no. 83193)

MARC details
000 -LEADER
fixed length control field 00957nam a22002417a 4500
001 - CONTROL NUMBER
RUCL Control Number 83193
003 - CONTROL NUMBER IDENTIFIER
rucl marc code BD-RjUL
005 - DATE AND TIME OF LATEST TRANSACTION
control field 20240302163055.0
008 - FIXED-LENGTH DATA ELEMENTS--GENERAL INFORMATION
fixed length control field 240302s2021 bg a|||| m||| 00| 0 eng d
035 ## - SYSTEM CONTROL NUMBER
system control number (BD-RjUL)83193
040 ## - CATALOGING SOURCE
Original cataloging agency BD-RjUL
Language of cataloging eng
Transcribing agency BD-RjUL
Modifying agency BD-RjUL
041 ## - LANGUAGE CODE
Language code of Book eng
082 ## - DEWEY DECIMAL CLASSIFICATION NUMBER
DDC Edition number 23
Classification number 631.52
Author mark and Year KHE 2021
100 ## - MAIN ENTRY--PERSONAL NAME
Personal name Khaled, A M,
9 (RLIN) 11997
245 10 - TITLE STATEMENT
Title Effect of planting time, method of nitrogen application and soil amendment on growth pattern for quality seed production in wheat /
Statement of responsibility, etc By A M, Khaled ;
Name of Supervisor/Co-Supervisor Supervisor : Md. Aminul Hoque
260 ## - PUBLICATION, DISTRIBUTION, ETC. (IMPRINT)
Place of publication, distribution, etc Rajshahi :
Name of publisher, distributor, etc Institute of Biological Sciences, University of Rajshahi,
Date of publication, distribution, etc 2021
300 ## - PHYSICAL DESCRIPTION
Pagination ix, 153 leaves :
Other physical details ill, ;
Dimensions 29.cm.
502 ## - DISSERTATION NOTE
Dissertation note Thesis (Ph. D.) -- Institute of Biological Sciences, University of Rajshahi, 2021
504 ## - BIBLIOGRAPHY, ETC. NOTE
Bibliography, etc References : leaves 130 - 146
650 ## - SUBJECT ADDED ENTRY--TOPICAL TERM
Topical term or geographic name as entry element Production of seeds
General subdivision Wheat
9 (RLIN) 11998
700 ## - ADDED ENTRY--SUPERVISOR/CO-SUPERVISOR NAME
Personal name Hoque, Md. Aminul, Supervisor
9 (RLIN) 1236
942 ## - ADDED ENTRY ELEMENTS (KOHA)
Source of classification or shelving scheme Dewey Decimal Classification
Koha item type Theses
Holdings
Source of classification or shelving scheme Damaged status Not for loan Collection code Permanent Location Current Location Shelving location Date of accession Source of acquisition Total Checkouts Full call number Barcode Date last seen Copy number Thesis
Dewey Decimal Classification   Not For Loan Theses Central Library, University of Rajshahi Central Library, University of Rajshahi Documentation Section 26/11/2023 Controller of Exam. R. U.   THE 631.52 KHE 2021 D4930 02/03/2024 C-1 Theses